000 02143cam a22004694i 4500
003 PE-LiUPU
005 20250731173407.0
008 150706s1977 xxu r 000 0 spa d
020 _a9780825414541
035 _a(Sirsi) i9780825414541
040 _aPE-LiUPU
_bspa
_cPE-LiUPU
_erda
049 _aPRUA
082 0 4 _a248.844
_bM12
_221
100 1 _aMack, Wayne,
_eautor.
245 1 0 _aFortaleciendo el matrimonio :
_b¡cómo conseguir la profunda unidad matrimonial! /
_cWayne Mack.
264 1 _aGrand Rapids, Michigan :
_bPORTAVOZ,
_c1977.
300 _a172 páginas ;
_c20 centímetros
336 _atext
_2rdacontent
337 _aunmediated
_2rdamedia
338 _avolume
_2rdacarrier
505 0 _aCómo lograr la unidad mediante la comprensión del propósito de Dios para el matrimonio -- Unidad mediante una clara comprensión de las responsabilidades de la esposa -- Unidad mediante una clara comprensión de las responsabilidades del esposo -- Desarrollando la unidad mediante una buena comunicación.- Logrando unidad mediante el acuerdo sobre finanzas -- Desarrollando la unidad sexual -- Desarrollo de la unidad mediante una filosofía en común acerca de la crianza de los hijos -- Cómo promover y mantener la unidad en el matrimonio mediante la religión familiar.
526 _aSEG42
526 _aSEG41
526 _aSEG40
526 _aSEG39
526 _aP94
526 _aP87
526 _aP86
526 _aP85
526 _aP77
526 _aP76
526 _aP35
541 _g001-001094;
650 0 4 _aFamilias
_xVida religiosa
700 1 _aHussey, Sheila,
_etr.
910 _agl
_bjv
_d20110811
942 _2ddc
_cBOOK
949 _a248.844 M12
_wDEWEY
_c1
_i63323
_lCCODEBUL1
_mBUL
_p9.00
_r0
_sY
_tBOOK
_u2015-7-6
_xTEOLOGIA
_PP35
_o.STAFF. Colección Teología
994 _aC0
_bPEPRU
596 _a1
999 _a248.844 M12
_wDEWEY
_c52326
_i63323
_d52326
_e2017-5-8
_f2021-11-12
_g5
_lCCODEBUL1
_mBUL
_n4
_p9.00
_q2
_r0
_sY
_tBOOK
_u2015-7-6
_xTEOLOGIA
_PP35
_0COMPRA
_o.STAFF. Colección Teología
980 _81
_gALBERTO SANCHEZ Responsable de Automatización